[Event "Belgrade Trophy 34th"]
[Site "Belgrade"]
[Date "2020.11.24"]
[Round "1"]
[White "Bujisic, Vlastimir"]
[Black "Grncarski, Jugoslav"]
[Result "1-0"]
[WhiteElo "2233"]
[BlackElo "1901"]
[PlyCount "96"]
[EventDate "2020.11.24"]
[EventType "swiss"]
[EventRounds "9"]
[EventCountry "SRB"]
[SourceTitle "CBM 199 Extra"]
[Source "ChessBase"]
[SourceDate "2021.01.31"]
[SourceVersion "1"]
[SourceVersionDate "2021.01.31"]
[SourceQuality "1"]

1. e4 c5 2. c3 e6 3. d4 d5 4. dxc5 Bxc5 5. exd5 exd5 6. Bb5+ Nc6 7. Qe2+ Nge7 8. Nf3 0-0 9. 0-0 Bg4 10. Be3 Bd6 11. h3 Bh5 12. g4 Bg6 13. Nh4 a6 14. Ba4 b5 15. Nxg6 hxg6 16. Bc2 Re8 17. Nd2 Qc7 18. Nf3 Ne5 19. Nxe5 Bxe5 20. Bb3 Rad8 21. Qf3 b4 22. cxb4 Bxb2 23. Rad1 Qc3 24. Qf4 g5 25. Qxg5 Qxb4 26. Qf4 Qxf4 27. Bxf4 Ng6 28. Bc7 Rc8 29. Bb6 Nf4 30. Bxd5 Nxh3+ 31. Kh2 Nf4 32. Bb3 Be5 33. Kg1 Ne2+ 34. Kg2 Nf4+ 35. Kf3 Rc3+ 36. Be3 Ng6 37. Rd7 Rf8 38. Rc1 Bf6 39. Ra7 Ne5+ 40. Kg2 Nxg4 41. Rxc3 Bxc3 42. Bc5 Rc8 43. Bxf7+ Kh7 44. Bd6 Nxf2 45. Rxa6 Ne4 46. Bf4 Nf6 47. Bb3 Kg6 48. Bc2+ Kh5 1-0

[Event "MNT-chT"]
[Site "Podgorica"]
[Date "2020.10.11"]
[Round "4.2"]
[White "Lazarevic, Zoran1111"]
[Black "Bujisic, Vlastimir"]
[Result "0-1"]
[WhiteElo "1893"]
[BlackElo "2199"]
[PlyCount "104"]
[EventDate "2020.10.09"]
[EventType "team-tourn"]
[EventRounds "9"]
[EventCountry "MNE"]
[SourceTitle "CBM 198 Extra"]
[Source "ChessBase"]
[SourceDate "2020.11.30"]
[SourceVersion "1"]
[SourceVersionDate "2020.11.30"]
[SourceQuality "1"]
[WhiteTeam "Rokada"]
[BlackTeam "Rudar"]
[WhiteTeamCountry "MNE"]
[BlackTeamCountry "MNE"]

1. c4 e5 2. Nc3 Nf6 3. g3 d5 4. cxd5 Nxd5 5. Bg2 c6 6. Nf3 Nxc3 7. bxc3 Bd6 8. d4 Nd7 9. 0-0 0-0 10. Qc2 Qe7 11. e4 Re8 12. Re1 Nb6 13. Be3 Nc4 14. Nd2 Nxe3 15. Rxe3 Bc7 16. Rd1 Bg4 17. Bf3 Bh3 18. Nc4 Rad8 19. Qb3 Bc8 20. Red3 g6 21. Ne3 Kg7 22. d5 Qc5 23. g4 Bb6 24. Qb4 f6 25. Qxc5 Bxc5 26. dxc6 Rxd3 27. Rxd3 bxc6 28. Nc4 Be6 29. Na5 Rc8 30. Nb3 Bb6 31. Be2 Kf7 32. Kf1 Ke7 33. Rh3 Rh8 34. Rg3 a5 35. c4 a4 36. Nc1 Bd4 37. Ke1 Rb8 38. Rh3 h5 39. Rh4 Rb1 40. Kd2 Bxf2 41. Rh3 Bc5 42. Kc2 Rb8 43. Rg3 h4 44. Rc3 Bd4 45. Ra3 Rb4 46. c5 Rb2+ 47. Kd3 Rb4 48. Kd2 Bb2 49. Rh3 Bxc1+ 50. Kxc1 Rxe4 51. Kd2 Rxe2+ 52. Kxe2 Bxg4+ 0-1

[Event "MNT-ch 72nd"]
[Site "Podgorica"]
[Date "2020.09.13"]
[Round "5"]
[White "Bujisic, Vlastimir"]
[Black "Vuckovic, Marko1111"]
[Result "1-0"]
[WhiteElo "2191"]
[BlackElo "2077"]
[PlyCount "79"]
[EventDate "2020.09.11"]
[EventType "swiss"]
[EventRounds "9"]
[EventCountry "MNE"]
[SourceTitle "CBM 198 Extra"]
[Source "ChessBase"]
[SourceDate "2020.11.30"]
[SourceVersion "1"]
[SourceVersionDate "2020.11.30"]
[SourceQuality "1"]

1. e4 c5 2. Nf3 e6 3. d4 cxd4 4. Nxd4 Nc6 5. Nc3 Qc7 6. Be3 a6 7. Nxc6 bxc6 8. Na4 Nf6 9. Nb6 Rb8 10. Nxc8 Qxc8 11. Bd3 d5 12. exd5 cxd5 13. Bd4 Be7 14. Qe2 0-0 15. Bxa6 Qc7 16. a4 Nd7 17. Bb5 Bc5 18. Bxc5 Nxc5 19. 0-0 e5 20. c4 d4 21. b4 Ne6 22. c5 Nf4 23. Qd2 Qe7 24. g3 Qe6 25. f3 Nd5 26. Bc4 Qc6 27. Bxd5 Qxd5 28. Rab1 Kh8 29. Qd3 f5 30. Rfd1 g5 31. Re1 h5 32. Qb3 Rfd8 33. Qxd5 Rxd5 34. c6 d3 35. b5 Rc5 36. Rec1 Rxc1+ 37. Rxc1 e4 38. fxe4 fxe4 39. Kf2 d2 40. Rd1 1-0

[Event "MNT-ch 72nd"]
[Site "Podgorica"]
[Date "2020.09.11"]
[Round "1"]
[White "Bujisic, Vlastimir"]
[Black "Bacic, Kristina"]
[Result "1-0"]
[WhiteElo "2191"]
[BlackElo "1856"]
[PlyCount "63"]
[EventDate "2020.09.11"]
[EventType "swiss"]
[EventRounds "9"]
[EventCountry "MNE"]
[SourceTitle "CBM 198 Extra"]
[Source "ChessBase"]
[SourceDate "2020.11.30"]
[SourceVersion "1"]
[SourceVersionDate "2020.11.30"]
[SourceQuality "1"]

1. e4 c6 2. d4 d5 3. Nd2 dxe4 4. Nxe4 Nf6 5. Nxf6+ gxf6 6. Nf3 Bg4 7. Be2 e6 8. h3 Bh5 9. Be3 Qc7 10. Qd2 Nd7 11. 0-0-0 0-0-0 12. Qc3 Nb6 13. Qa5 Rd5 14. Qc3 a5 15. a3 Bxf3 16. gxf3 f5 17. Qd3 c5 18. Qb3 c4 19. Qa2 c3 20. Kb1 Na4 21. Bc1 b5 22. Qb3 cxb2 23. Bxb2 Nxb2 24. Qxb2 b4 25. Rd3 bxa3 26. Qb3 Bb4 27. c3 Rb5 28. Ka2 Qc6 29. cxb4 Kd7 30. Rc3 a4 31. Qc4 Rb6 32. Qxc6+ 1-0

[Event "Kragujevac Three Kings "]
[Site "Kragujevac"]
[Date "2019.12.21"]
[Round "7"]
[White "Bujisic, Vlastimir"]
[Black "Popchev, Milko"]
[Result "0-1"]
[WhiteElo "2211"]
[BlackElo "2288"]
[PlyCount "65"]
[EventDate "2019.12.17"]
[EventType "tourn"]
[EventRounds "9"]
[EventCountry "SRB"]
[SourceTitle "CBM 193 Extra"]
[Source "ChessBase"]
[SourceDate "2020.01.31"]
[SourceVersion "1"]
[SourceVersionDate "2020.01.31"]
[SourceQuality "1"]

1. e4 d6 2. d4 e5 3. dxe5 dxe5 4. Qxd8+ Kxd8 5. Bc4 f6 6. Be3 Nd7 7. Nc3 c6 8. a4 Bc5 9. Bxc5 Nxc5 10. Nf3 Nh6 11. a5 Be6 12. Bxe6 Nxe6 13. 0-0-0+ Ke7 14. h3 Nf7 15. Rd2 b6 16. Rhd1 Rhd8 17. Rxd8 Nfxd8 18. axb6 axb6 19. b3 Nb7 20. Kb2 Nd6 21. h4 b5 22. Re1 Nc5 23. Nd2 Rd8 24. Kc1 Nf7 25. Rd1 Ne6 26. Nf1 Nd4 27. Kb2 Rd7 28. Ne3 Nd8 29. Na2 Rc7 30. c3 N4e6 31. Nb4 Nb7 32. f3 Nbc5 33. Rg1 0-1

[Event "Kragujevac Three Kings "]
[Site "Kragujevac"]
[Date "2019.12.20"]
[Round "5"]
[White "Bujisic, Vlastimir"]
[Black "Micic, Aleksa"]
[Result "1/2-1/2"]
[WhiteElo "2211"]
[BlackElo "1918"]
[PlyCount "237"]
[EventDate "2019.12.17"]
[EventType "tourn"]
[EventRounds "9"]
[EventCountry "SRB"]
[SourceTitle "CBM 193 Extra"]
[Source "ChessBase"]
[SourceDate "2020.01.31"]
[SourceVersion "1"]
[SourceVersionDate "2020.01.31"]
[SourceQuality "1"]

1. e4 c5 2. c3 d5 3. exd5 Qxd5 4. d4 Nc6 5. Nf3 Bf5 6. Be3 cxd4 7. cxd4 Bxb1 8. Rxb1 e6 9. a3 Nf6 10. Be2 Be7 11. Ne5 0-0 12. Bf3 Qd6 13. Nxc6 bxc6 14. Qa4 Nd5 15. Bd2 Bf6 16. 0-0 Rfc8 17. Rbc1 Rab8 18. Bxd5 Qxd5 19. Be3 Qb5 20. Qxa7 Qxb2 21. g3 Qb7 22. Qxb7 Rxb7 23. Rc4 Kf8 24. a4 Ra8 25. Ra1 Rba7 26. Ra2 Ke8 27. Kg2 Kd7 28. h4 Ra6 29. Kf3 e5 30. dxe5 Bxe5 31. Bc5 Ke6 32. Be3 Bd6 33. g4 c5 34. Ke4 Rb8 35. f4 Rb4 36. f5+ Kd7 37. Kd5 Rxc4 38. Kxc4 Kc6 39. Bd2 Ra8 40. Bc3 Re8 41. a5 Bb8 42. Ra4 Re4+ 43. Kb3 Re3 44. a6 Ba7 45. Kc2 g6 46. fxg6 fxg6 47. Rf4 Rh3 48. Rf7 Rxh4 49. Rxa7 Rxg4 50. Kb3 Kb6 51. Ra8 Re4 52. Bf6 Re3+ 53. Kc4 Ra3 54. Bd8+ Kc6 55. Ra7 h5 56. Rc7+ Kb6 57. Rg7+ Kxa6 58. Rxg6+ Kb7 59. Kxc5 Kc8 60. Bf6 Kd7 61. Bd4 Ke7 62. Kd5 Rh3 63. Rg7+ Kf8 64. Be5 Ra3 65. Rh7 Ra5+ 66. Ke6 Ra6+ 67. Kf5 Kg8 68. Rxh5 Rb6 69. Rh8+ Kf7 70. Rh7+ Ke8 71. Rc7 Kd8 72. Ra7 Kc8 73. Ke4 Rb7 74. Ra6 Kd7 75. Rh6 Rb4+ 76. Kf5 Rb5 77. Rh7+ Kc6 78. Ke6 Rb1 79. Rh8 Rd1 80. Rc8+ Kb7 81. Rc2 Re1 82. Kd5 Rb1 83. Bd4 Rd1 84. Ra2 Rh1 85. Ra7+ Kc8 86. Bc5 Kd8 87. Rf7 Ke8 88. Rf5 Kd7 89. Rf7+ Ke8 90. Re7+ Kd8 91. Kc6 Rh6+ 92. Bd6 Rh1 93. Rf7 Re1 94. Rf6 Re2 95. Bc5 Re1 96. Rf8+ Re8 97. Rf7 Re2 98. Bd6 Re1 99. Kd5 Rd1+ 100. Ke6 Re1+ 101. Be5 Kc8 102. Rc7+ Kd8 103. Rb7 Rc1 104. Rb4 Rc2 105. Kd6 Ke8 106. Rb7 Kf8 107. Ke6 Rc6+ 108. Bd6+ Kg8 109. Ke5 Rc1 110. Kf5 Rf1+ 111. Ke6 Re1+ 112. Be5 Rf1 113. Rg7+ Kf8 114. Rg2 Re1 115. Rh2 Rg1 116. Rf2+ Kg8 117. Kf6 Kh7 118. Rh2+ Kg8 119. Ke7 1/2-1/2

[Event "Kragujevac Three Kings "]
[Site "Kragujevac"]
[Date "2019.12.18"]
[Round "2"]
[White "Bujisic, Vlastimir"]
[Black "Radovanovic, Nikola"]
[Result "0-1"]
[WhiteElo "2211"]
[BlackElo "2400"]
[PlyCount "74"]
[EventDate "2019.12.17"]
[EventType "tourn"]
[EventRounds "9"]
[EventCountry "SRB"]
[SourceTitle "CBM 193 Extra"]
[Source "ChessBase"]
[SourceDate "2020.01.31"]
[SourceVersion "1"]
[SourceVersionDate "2020.01.31"]
[SourceQuality "1"]

1. e4 c5 2. Nf3 d6 3. d4 cxd4 4. Nxd4 Nf6 5. Nc3 e6 6. Be2 Be7 7. Be3 0-0 8. 0-0 e5 9. Nb3 b6 10. a4 Bb7 11. Bf3 a6 12. Qe2 Nbd7 13. Rfd1 Rc8 14. Rd2 Rc7 15. g4 Qa8 16. Qd3 Rfc8 17. Re2 Rxc3 18. bxc3 Nxe4 19. Bd2 Nxc3 20. Bxc3 Bxf3 21. Ree1 Bh1 22. f3 Qxf3 23. Qxf3 Bxf3 24. Bd2 Bxg4 25. Bb4 Be6 26. a5 b5 27. Nd2 f5 28. c3 Kf7 29. Rf1 Nf6 30. Rae1 Nd5 31. Rc1 Bg5 32. Ne4 Bxc1 33. Nxd6+ Kg6 34. Rxc1 Rc6 35. Ba3 Rxc3 36. Rxc3 Nxc3 37. Bb2 b4 0-1

[Event "Kragujevac Three Kings "]
[Site "Kragujevac"]
[Date "2019.12.17"]
[Round "1"]
[White "Zlatanovic, Boroljub"]
[Black "Bujisic, Vlastimir"]
[Result "1/2-1/2"]
[WhiteElo "2365"]
[BlackElo "2211"]
[PlyCount "120"]
[EventDate "2019.12.17"]
[EventType "tourn"]
[EventRounds "9"]
[EventCountry "SRB"]
[SourceTitle "CBM 193 Extra"]
[Source "ChessBase"]
[SourceDate "2020.01.31"]
[SourceVersion "1"]
[SourceVersionDate "2020.01.31"]
[SourceQuality "1"]

1. Nc3 d5 2. e4 dxe4 3. Nxe4 Nf6 4. Nxf6+ exf6 5. Bc4 Be7 6. Qh5 0-0 7. Ne2 Nc6 8. 0-0 Ne5 9. Qh4 Bf5 10. d3 Nxc4 11. Qxc4 c5 12. b3 Qd7 13. a4 Qe6 14. Nf4 Qxc4 15. bxc4 Bd6 16. Nd5 Rfe8 17. Be3 Bd7 18. a5 Bc6 19. Rfe1 f5 20. Kf1 f6 21. Bf4 Bxf4 22. Nxf4 Kf7 23. Nd5 Rad8 24. Nc3 f4 25. f3 Re5 26. Re2 Rxe2 27. Kxe2 f5 28. h4 g6 29. Kf2 h6 30. a6 b6 31. Rh1 Kg7 32. Rd1 Kf6 33. Nb1 g5 34. Na3 g4 35. c3 Bd7 36. Nb5 Bxb5 37. cxb5 Ke5 38. Re1+ Kd6 39. g3 fxg3+ 40. Kxg3 Rg8 41. Kf4 gxf3 42. Kxf3 c4 43. d4 Rg4 44. Re5 Rxh4 45. Rxf5 Rh3+ 46. Ke4 Rxc3 47. Rf6+ Ke7 48. Rxh6 Rb3 49. Kd5 c3 50. Rh7+ Kf6 51. Rh6+ Ke7 52. Rh7+ Kf6 53. Rh1 Rxb5+ 54. Kc6 Rb4 55. Kb7 Rxd4 56. Rc1 Rd3 57. Kxa7 b5 58. Kb6 b4 59. a7 Rd8 60. Kb5 Ra8 1/2-1/2

[Event "MNT-chT 1st League"]
[Site "Podgorica"]
[Date "2019.07.25"]
[Round "6.7"]
[White "Mandic, Stefan"]
[Black "Bujisic, Vlastimir"]
[Result "1/2-1/2"]
[WhiteElo "1927"]
[BlackElo "2168"]
[PlyCount "115"]
[EventDate "2019.07.20"]
[EventType "team-tourn"]
[EventRounds "9"]
[EventCountry "MNE"]
[SourceTitle "EXT 2020"]
[Source "ChessBase"]
[SourceDate "2019.10.17"]
[SourceVersion "1"]
[SourceVersionDate "2019.10.17"]
[SourceQuality "1"]
[WhiteTeam "Mimoza"]
[BlackTeam "Rudar"]
[WhiteTeamCountry "MNE"]
[BlackTeamCountry "MNE"]

1. e4 e5 2. Bc4 Nf6 3. d3 Be7 4. Nf3 d6 5. 0-0 c6 6. Re1 0-0 7. Nbd2 Qc7 8. c3 a5 9. Bb3 Nbd7 10. Nf1 Rd8 11. d4 h6 12. Ng3 Nf8 13. Nh4 Be6 14. Nhf5 Bxb3 15. Qxb3 a4 16. Qc4 Ng6 17. Nxg7 b5 18. Qd3 Kxg7 19. Nf5+ Kg8 20. Nxh6+ Kf8 21. Qh3 Ng8 22. Nxf7 Kxf7 23. Qh7+ Kf8 24. Qxg6 Bf6 25. Bh6+ Nxh6 26. Qxf6+ Nf7 27. Re3 Qe7 28. Qf5 Qg5 29. Qh7 Qh6 30. Qf5 Ke7 31. d5 Qf6 32. Qxf6+ Kxf6 33. dxc6 Rac8 34. Rd3 Rxc6 35. a3 Rc4 36. f3 Rc5 37. Kf2 Rh8 38. Rh1 Ke6 39. h4 Nd8 40. g4 Ke7 41. Kg3 Ne6 42. Rd2 Nf4 43. h5 Rcc8 44. Rhd1 Rh6 45. Kf2 Rg8 46. Ke3 Rf6 47. Rf1 Kd7 48. Rc2 Ne6 49. Rff2 Rgf8 50. Rc1 Ng5 51. Rcf1 Rf4 52. Ke2 Kc6 53. Ke3 Kc5 54. Ke2 Kc4 55. Ke3 Kb3 56. Ke2 Kxb2 57. Kd3+ Kxa3 58. Ra1+ 1/2-1/2

[Event "MNT-chT 1st League"]
[Site "Podgorica"]
[Date "2019.07.21"]
[Round "2.6"]
[White "Vujosevic, Sasa"]
[Black "Bujisic, Vlastimir"]
[Result "0-1"]
[WhiteElo "2016"]
[BlackElo "2168"]
[PlyCount "102"]
[EventDate "2019.07.20"]
[EventType "team-tourn"]
[EventRounds "9"]
[EventCountry "MNE"]
[SourceTitle "EXT 2020"]
[Source "ChessBase"]
[SourceDate "2019.10.17"]
[SourceVersion "1"]
[SourceVersionDate "2019.10.17"]
[SourceQuality "1"]
[WhiteTeam "Prosvjeta"]
[BlackTeam "Rudar"]
[WhiteTeamCountry "MNE"]
[BlackTeamCountry "MNE"]

1. e4 e5 2. Nf3 Nf6 3. Nxe5 d6 4. Nf3 Nxe4 5. d4 d5 6. Bd3 Bg4 7. Nc3 Bb4 8. 0-0 Nxc3 9. Qe1+ Be7 10. Qxc3 Bxf3 11. gxf3 0-0 12. Bf4 Bd6 13. Bg3 Nc6 14. a3 Qf6 15. Rad1 Ne7 16. Rfe1 Ng6 17. Bf1 h5 18. Be5 Qg5+ 19. Kh1 Rfe8 20. Bxd6 cxd6 21. Re3 Rac8 22. Qd2 Nf4 23. Rde1 Re6 24. Rxe6 fxe6 25. Qe3 Rf8 26. Bh3 e5 27. Rg1 Qf6 28. dxe5 dxe5 29. Bf1 b6 30. a4 Ne6 31. a5 Nd4 32. axb6 axb6 33. Rg5 Nxf3 34. Rg3 Nd4 35. Bg2 Nf5 36. Bxd5+ Kh8 37. Qe2 Nxg3+ 38. hxg3 g6 39. Kg2 Kg7 40. c4 Qd6 41. Qd2 Qc5 42. b4 Qd4 43. Qe2 b5 44. f4 bxc4 45. Bxc4 e4 46. b5 Rc8 47. Be6 Rc1 48. Qf2 Qd1 49. Qb2+ Kh7 50. Bg8+ Kxg8 51. Qa2+ Kg7 0-1

[Event "Djenovici TS10 IM"]
[Site "Djenovici"]
[Date "2018.10.28"]
[Round "9"]
[White "Andersen, Alf Roger"]
[Black "Bujisic, Vlastimir"]
[Result "0-1"]
[WhiteElo "2225"]
[BlackElo "2174"]
[PlyCount "64"]
[EventDate "2018.10.20"]
[EventType "tourn"]
[EventRounds "9"]
[EventCountry "MNE"]
[EventCategory "1"]
[SourceTitle "CBM 187 Extra"]
[Source "ChessBase"]
[SourceDate "2018.11.04"]
[SourceVersion "1"]
[SourceVersionDate "2018.11.04"]
[SourceQuality "1"]

1. d4 d5 2. Bf4 Nf6 3. e3 e6 4. Bd3 Bd6 5. Bg3 Qe7 6. Nd2 e5 7. dxe5 Bxe5 8. c3 Nc6 9. Ngf3 Bd7 10. Nxe5 Nxe5 11. Bxe5 Qxe5 12. Nf3 Qe7 13. Qc2 0-0-0 14. 0-0 Kb8 15. b4 h5 16. b5 h4 17. a4 g5 18. Nd4 g4 19. Rfb1 Kc8 20. g3 Rh6 21. a5 hxg3 22. hxg3 Rdh8 23. Kf1 Ne4 24. Bxe4 dxe4 25. Ke2 Rh2 26. Rf1 Qe5 27. c4 R8h6 28. c5 Rf6 29. Rad1 Kb8 30. Nc6+ bxc6 31. Rxd7 cxb5 32. Rd4 Re6 0-1

[Event "Djenovici TS05 IM"]
[Site "Djenovici"]
[Date "2018.05.21"]
[Round "3"]
[White "Nikac, Predrag"]
[Black "Bujisic, Vlastimir"]
[Result "1-0"]
[WhiteElo "2332"]
[BlackElo "2198"]
[PlyCount "43"]
[EventDate "2018.05.19"]
[EventType "tourn"]
[EventRounds "9"]
[EventCountry "MNE"]
[SourceTitle "CBM 184 Extra"]
[Source "ChessBase"]
[SourceDate "2018.06.28"]
[SourceVersion "1"]
[SourceVersionDate "2018.06.28"]
[SourceQuality "1"]

1. e4 e5 2. Bc4 Nf6 3. d3 Be7 4. Nf3 d6 5. 0-0 0-0 6. a4 c6 7. Nbd2 Nbd7 8. Re1 Re8 9. Bxf7+ Kxf7 10. Ng5+ Kg8 11. Ne6 Qa5 12. Nc4 Qxe1+ 13. Qxe1 Rb8 14. f4 exf4 15. Bxf4 Ne5 16. Ng5 Nxc4 17. dxc4 h6 18. Nf3 Bf8 19. c5 Nxe4 20. cxd6 Bxd6 21. Bxd6 Nxd6 22. Qg3 1-0

[Event "Djenovici TS12"]
[Site "Djenovici"]
[Date "2017.12.22"]
[Round "6"]
[White "Miljkovic, Milan1111"]
[Black "Bujisic, Vlastimir"]
[Result "1/2-1/2"]
[WhiteElo "2163"]
[BlackElo "2194"]
[PlyCount "31"]
[EventDate "2017.12.16"]
[EventType "tourn"]
[EventRounds "9"]
[EventCountry "MNE"]
[SourceTitle "CBM 182 Extra"]
[Source "ChessBase"]
[SourceDate "2018.02.23"]
[SourceVersion "1"]
[SourceVersionDate "2018.02.23"]
[SourceQuality "1"]

1. Nf3 d5 2. d4 Bf5 3. c4 c6 4. Nc3 e6 5. g3 Nf6 6. Bg2 Bb4 7. Qb3 Qb6 8. 0-0 Bxc3 9. bxc3 Be4 10. Ba3 Qxb3 11. axb3 Nbd7 12. Rfc1 h6 13. Ne5 Bxg2 14. Kxg2 Nxe5 15. dxe5 Nd7 16. Bd6 1/2-1/2

[Event "Djenovici TS12"]
[Site "Djenovici"]
[Date "2017.12.21"]
[Round "5"]
[White "Bujisic, Vlastimir"]
[Black "Gleizerov, Evgeny"]
[Result "0-1"]
[WhiteElo "2194"]
[BlackElo "2490"]
[PlyCount "56"]
[EventDate "2017.12.16"]
[EventType "tourn"]
[EventRounds "9"]
[EventCountry "MNE"]
[SourceTitle "CBM 182 Extra"]
[Source "ChessBase"]
[SourceDate "2018.02.23"]
[SourceVersion "1"]
[SourceVersionDate "2018.02.23"]
[SourceQuality "1"]

1. e4 e6 2. d4 d5 3. exd5 exd5 4. Bd3 c5 5. dxc5 Bxc5 6. Nd2 Nf6 7. Nb3 Bb6 8. Bg5 0-0 9. Qf3 Qe8+ 10. Qe2 Ng4 11. Bh4 Qc6 12. Qd2 Nd7 13. Ne2 Nde5 14. 0-0 Nc4 15. Bxc4 dxc4 16. Nbd4 Qg6 17. f3 Ne5 18. Bf2 Rd8 19. Qf4 Re8 20. Qg3 Qh6 21. Rad1 Bc7 22. Qh4 Qg6 23. Nf4 Qa6 24. Rfe1 Bd7 25. Nd5 Bd6 26. a3 Qa5 27. Nc3 Ng6 28. b4 cxb3 0-1